00828nam a22002177a 450000500170000001000150001702000260003203500130005803700130007108200130008410000210009724501010011826000380021927000710025730000250032850000500035370000250040394200270042899900170045595201380047220140910111721.0 aENG-110788 a9788183875455c795.00 aEN-94320 bDBAD/PUB a381.0955 aKarim Koshteh MH aInternational trade reforms and Iranian economy /cby Karim Koshteh MH [and] Salarpour Mashallah aDelhibSerials Publicationsc2012 a4830/24,Prahlad Street, Ansari Road ,Darya GanjbNew Delhie110002 axii,211p. c22cm(Hb) aIncludes bibliographical references and index aSalarpour Mashallah  2ddccENh381.0955mKAR c88417d88417 001040718NFICaDBADbDBADd2014-09-09eDBAD/PUBg795.00l0o381.0955 KARpEN-94320r2014-09-09 00:00:00t1v795.00w2014-09-09yEN